| 000 | 00856cab a2200301 4500 | ||
|---|---|---|---|
| 001 | ABS47543 | ||
| 008 | 090401t1992 xxu||||| |||| 00| 0 eng d | ||
| 035 | _a(Sirsi) u62446 | ||
| 041 | _aeng | ||
| 100 | _aSteiner, M. | ||
| 245 | _aWays to reduce your rates | ||
| 260 | _c1992 | ||
| 350 | _a0 | ||
| 490 |
_aAccountancy _v110(1191) November 1992, 52(1) |
||
| 520 | _aAdvises on appeal against business rates assessments. | ||
| 650 | _aAPPEAL PROCEDURE | ||
| 650 | _aCHANGE IN CIRCUMSTANCES | ||
| 650 | _aLOCAL GOVERNMENT AND HOUSING ACT 1989 | ||
| 650 | _aLOCAL GOVERNMENT FINANCE ACT 1988 | ||
| 650 | _aNON-DOMESTIC RATING ACT 1992 | ||
| 650 | _aPHASING | ||
| 650 | _aRATING ASSESSMENTS | ||
| 650 | _aTRANSITIONAL RELIEF | ||
| 650 | _aUNIFORM BUSINESS RATE | ||
| 690 | _aRATING AND VALUATION | ||
| 942 | _n0 | ||
| 948 | _c04/03/1997 | ||
| 999 |
_c38802 _d38802 |
||